00498nam a2200193 a 4500001001300000003000900013005001700022008004100039020001000080082001600090100002700106245002100133260004200154300000800196500003500204505002400239650001400263700002700277nice12345678IN_TiNIC20260116013512.0050524s1978 dela grp 000 0 eng  ac15000a709.54bCOO aCoomaraswamy, Ananda K aIndian Craftsman aDelhibMunshiram Manoharlal Pubc1978 a95p aincludes index and biblioraphy2 aBibliography, Index aArt-Hindu1 aCoomaraswamy, Ananda K